| 000 | 00726cam a2200193 4500 | ||
|---|---|---|---|
| 001 | D8370 | ||
| 008 | 090401t1954 xxu||||| |||| 00| 0 eng d | ||
| 035 | _a(Sirsi) u12522 | ||
| 041 | _aeng | ||
| 050 | _a692.809411 | ||
| 110 |
_aRoyal Incorporation of Architects In Scotland _92351 |
||
| 245 | _aRegulations and general conditions of contract for building works in Scotland 1st September 1954 / issued under the authority of the Royal Incorporation of Architects in Scotland and the Scottish National Building Trades Federation (Employers)... | ||
| 260 |
_aEdinburgh _bRoyal Incorporation of Architects in Sco _c1954 |
||
| 300 | _a18p. 33cm | ||
| 350 | _a0 | ||
| 520 | _aCover title | ||
| 942 | _n0 | ||
| 948 | _c04/03/1997 | ||
| 999 |
_c87002 _d87002 |
||